Poslanci obecných zastupiteľstiev.

Problematika pôsobenia poslancov obecného zastupiteľstva navonok. Okruhy subjektov, od ktorých môžu poslanci vyžadovať vysvetlenia i informácie. Právo poslancov zúčastňovať sa na previerkach, na kontrolách a na vybavovaní sťažností ako významné oprávnenie poslanca. Poznámky k pracovnoprávnym otázkam...

Descrizione completa

Salvato in:
Dettagli Bibliografici
Autore principale: Palúš, Igor
Natura: Capitolo di libro
Lingua:slovacco
Soggetti:
Tags: Aggiungi Tag
Nessun Tag, puoi essere il primo ad aggiungerne!!

MARC

LEADER 00000naa a2200000 4500
001 r007995
005 20220831085610.0
041 0 |a slo 
044 |a [CS] 
245 1 0 |a Poslanci obecných zastupiteľstiev.  |c Igor Palúš 
520 |a Problematika pôsobenia poslancov obecného zastupiteľstva navonok. Okruhy subjektov, od ktorých môžu poslanci vyžadovať vysvetlenia i informácie. Právo poslancov zúčastňovať sa na previerkach, na kontrolách a na vybavovaní sťažností ako významné oprávnenie poslanca. Poznámky k pracovnoprávnym otázkam činnosti poslancov. 
610 2 0 |a zastupiteľstvá obecné 
610 2 0 |a poslanci 
610 2 0 |a správa miestna 
610 2 0 |a predpisy pracovnoprávne 
610 2 0 |a právomoc 
610 2 0 |a kontrola 
100 1 |a Palúš, Igor